Indian survival in colonial Nicaragua /

Bibliographic Details
Main Author: Newson, Linda A.
Format: Book
Language:English
Published: Norman [Okla.] : University of Oklahoma Press, [1987]
Edition:1st ed.
Series:Civilization of the American Indian series ; [v. 175].
Subjects:

MARC

Tag First Indicator Second Indicator Subfields
LEADER 00000cam a2200000 a 4500
001 in00000030152
005 20151007060216.0
008 860604s1987 okuab b s00110 eng
010 |a  86040078  
020 |a 0806120088 (alk. paper) 
035 |a (OCoLC)13796349 
035 |9 AAC0301AM 
040 |a DLC  |c DLC  |d TXA  |d UtOrBLW 
043 |a ncnq--- 
049 |a TXAM  |c [A11682668] 
050 0 0 |a F1525.3.C84  |b N48 1987 
082 0 |a 972.85/00497  |2 19 
100 1 |a Newson, Linda A. 
245 1 0 |a Indian survival in colonial Nicaragua /  |c by Linda A. Newson. 
250 |a 1st ed. 
264 1 |a Norman [Okla.] :  |b University of Oklahoma Press,  |c [1987] 
264 4 |c ©1987 
300 |a xiv, 466 pages :  |b illustrations, maps ;  |c 26 cm. 
336 |a text  |b txt  |2 rdacontent 
337 |a unmediated  |b n  |2 rdamedia 
338 |a volume  |b nc  |2 rdacarrier 
490 1 |a The Civilization of the American Indian series ;  |v [v. 175] 
504 |a Bibliography: pages 429-447. 
500 |a Includes index. 
650 0 |a Indians of Central America  |z Nicaragua  |x Cultural assimilation. 
650 0 |a Indians, Treatment of  |z Nicaragua  |x History. 
650 0 |a Indians of Central America  |z Nicaragua  |x History. 
830 0 |a Civilization of the American Indian series ;  |v [v. 175]. 
999 |a MARS 
999 f f |s 2dfe7f72-8a2d-3e49-8197-65c3cfa8b423  |i a88d610c-9263-34e3-bb58-c27f0e0e1072  |t 0 
952 f f |p ric  |a Texas A&M University  |b Rellis Campus  |c Joint Library Facility  |d Remote Storage  |t 0  |e F1525.3.C84 N48 1987  |h Library of Congress classification  |i unmediated -- volume  |m A14811682668 
998 f f |a F1525.3.C84 N48 1987  |t 0  |l Remote Storage